000 00378nam a2200133Ia 4500
008 100328s9999 xx 000 0 und d
082 _b15597
100 _aBarker Erchest
245 _aPolitical Though in England 1848 to 1914
260 _bOxford
630 _aPolitical Though in England 1848 to 1914
730 _aPolitical Though in England 1848 to 1914
942 _cBOOK
999 _c510393
_d510390